| 000 | 00781nam a2200217 i 4500 | ||
|---|---|---|---|
| 001 | 167868 | ||
| 003 | ES-MaACL | ||
| 005 | 20250810063050.0 | ||
| 008 | 050928s1868 gw | |||||||| ||eng d | ||
| 040 |
_aCAM _bspa _cCAM |
||
| 100 | 1 |
_aMcCarthy, Justin, _d1830-1912 _979526 |
|
| 245 | 1 | 4 | _aThe Waterdale neighbours. |
| 260 |
_aLeipzig : _bBernhard Tauchnitz, _c1868. |
||
| 300 |
_a1 v. (308; 303 p.) ; _c17 cm. |
||
| 490 | 1 |
_aCollection of British Authors. Tauchnitz edition ; _v937; 938 |
|
| 594 | _aEl encabezamietno tomado del Brit. Mus. Cat. | ||
| 597 | _a2 t. en 1 vol. | ||
| 830 | 0 |
_aCollection of British Authors. Tauchnitz edition ; _v937; 938 _9188770 |
|
| 852 |
_aES-MaACL _jG-13119 _z-- Enc. hol, conservando la enc. original |
||
| 999 |
_c167868 _d167868 |
||